Raktári folyamatok és technológiai fejlesztési lehetőségek a műanyag csövek szegmensében

Bibliográfiai részletek
Szerző: Halász Huba
További közreműködők: Bányai Dr. Kornél
Dokumentumtípus: Diplomadolgozat
Kulcsszavak:ellátásilánc-menedzsment
Lean
logisztika
Pipelife
raktározás
Online Access:http://dolgozattar.uni-bge.hu/59926

MARC

LEADER 00000nta a2200000 i 4500
001 dolg59926
005 20260409145745.0
008 260409suuuu hu om 000 hun d
040 |a BGE Dolgozattár Repozitórium  |b hun 
041 |a hu 
100 1 |a Halász Huba 
245 1 0 |a Raktári folyamatok és technológiai fejlesztési lehetőségek a műanyag csövek szegmensében  |c Halász Huba  |h [elektronikus dokumentum] 
520 3 |a Jelen szakdolgozat célja a raktári folyamatok automatizálásának vizsgálata a műanyag csövek logisztikai szegmensében. A kutatás az ausztriai székhelyű Pipelife Austria GmbH saját raktározását és helyzetét vizsgálja. A dolgozat bemutatja az iparági sajátosságokat, a műanyag csövek tárolásának és kezelésének speciális követelményeit, valamint az automatizálási technológiák alkalmazhatóságát.A kutatás során feltárásra kerülnek a jelenlegi raktározási gyakorlatok, az automatizálási lehetőségek előnyei, mint például a hatékonyság növelése, a hibák csökkentése és a költségoptimalizáció. Ezzel párhuzamosan ismertetésre kerülnek az automatizálás korlátai, például a magas beruházási költségek, az infrastruktúra átalakításának szükségessége, valamint a technológiai és emberi tényezők összefüggései.A dolgozat leírja a raktár megfigyelése során tapasztalt folyamatokat, valamint az itt látottak pontosabb megértését a telephely vezetővel folytatott személyes interjú keretein belül dolgozza fel. Központban a jelenlegi folyamatok megismerése és azok automatizálási lehetősége áll.A dolgozat végkövetkeztetései arra fókuszálnak, hogy hogyan érhető el az automatizálás és a hagyományos raktározási megoldások optimális egyensúlya a műanyag csövek területén, figyelembe véve a termékek sajátos tulajdonságait és a raktár adottságait. 
695 |a ellátásilánc-menedzsment 
695 |a Lean 
695 |a logisztika 
695 |a Pipelife 
695 |a raktározás 
700 1 |a Bányai Dr. Kornél  |e ths 
856 4 0 |u http://dolgozattar.uni-bge.hu/59926/1/Rakt%C3%A1ri%20folyamatok%20%C3%A9s%20technol%C3%B3giai%20fejleszt%C3%A9si%20lehet%C5%91s%C3%A9gek%20a%20m%C5%B1anyag%20cs%C3%B6vek%20szegmens%C3%A9ben.pdf  |z Dokumentum-elérés 
856 4 0 |u http://dolgozattar.uni-bge.hu/59926/2/Halasz_Huba_biralat_belso_BK.pdf  |z Dokumentum-elérés 
856 4 0 |u http://dolgozattar.uni-bge.hu/59926/3/Halasz_Huba_bir%C3%A1lat_SK.pdf  |z Dokumentum-elérés